¡Déjate sorprender por tu Dios y por los hermanos! : (Record n. 34590)

Dettagli MARC
000 -LEADER
fixed length control field 00896nam a2200253 i 4500
003 - CONTROL NUMBER IDENTIFIER
control field IT-RoINE
005 - DATE AND TIME OF LATEST TRANSACTION
control field 20200723103939.0
008 - FIXED-LENGTH DATA ELEMENTS--GENERAL INFORMATION
fixed length control field 191202s2019 sp |r|||| 000 | spa d
020 ## - INTERNATIONAL STANDARD BOOK NUMBER
International Standard Book Number 9788483539583
040 ## - CATALOGING SOURCE
Original cataloging agency SpMaBN
Transcribing agency SpMaBN IT-RoINE
Modifying agency IT-RoINE
100 1# - MAIN ENTRY--PERSONAL NAME
9 (RLIN) 3504
Personal name Berzosa Martínez, Raúl,
Titles and other words associated with a name Obispo de Ciudad Rodrigo,
Dates associated with a name 1957-
245 11 - TITLE STATEMENT
Title ¡Déjate sorprender por tu Dios y por los hermanos! :
Remainder of title el arte de vivir como resucitados /
Statement of responsibility, etc Raúl Berzosa Martínez.
260 ## - PUBLICATION, DISTRIBUTION, ETC. (IMPRINT)
Place of publication, distribution, etc Burgos :
Name of publisher, distributor, etc Monte Carmelo,
Date of publication, distribution, etc D.L. 2019.
300 ## - PHYSICAL DESCRIPTION
Extent 210 p. ;
Dimensions 21cm.
336 ## - CONTENT TYPE
Content type term Texto
Source rdacontent
337 ## - MEDIA TYPE
Source rdamedia
Media type term unmediated
338 ## - CARRIER TYPE
Source rdacarrier
Carrier type term volume
490 1# - SERIES STATEMENT
Series statement La otra mirada
504 ## - BIBLIOGRAPHY, ETC. NOTE
Bibliography, etc Incluye referencias bibliográficas en nota.
600 04 - SUBJECT ADDED ENTRY--PERSONAL NAME
9 (RLIN) 52139
Personal name Jesucristo
General subdivision Resurrección
-- Meditaciones
650 #4 - SUBJECT ADDED ENTRY--TOPICAL TERM
Topical term or geographic name as entry element Vida espiritual
9 (RLIN) 2578
830 #0 - SERIES ADDED ENTRY--UNIFORM TITLE
9 (RLIN) 67903
Uniform title Otra mirada
942 ## - ADDED ENTRY ELEMENTS (KOHA)
Item type Monografías
Dati di copia
Withdrawn status Lost status Damaged status Not for loan Home library Current library Date acquired Total Checkouts Full call number Barcode Date last seen Price effective from Koha item type
        Iglesia Nacional Española en Roma Iglesia Nacional Española en Roma 02/07/2020   TEO 2594 62439 02/07/2020 02/07/2020 Monografías